Countries with Initial Letter Repeated (Blitz) Quiz Stats

Quiz Updated Jul 14, 2016

Also try: Country Triplets
Challenge
Share
Tweet
Embed
Score 0/37 Timer 02:00
5 Plays Today
Country % Correct
Australia
88.7%
Argentina
81.5%
Austria
80.8%
India
76.9%
Albania
76.2%
Afghanistan
74.3%
Algeria
72%
Armenia
68.3%
Andorra
67.5%
Indonesia
65.2%
Azerbaijan
63.9%
Angola
63.1%
Kazakhstan
59.9%
New Zealand
59.8%
Uruguay
59.5%
Antigua and Barbuda
56.7%
Czechia
56.5%
Netherlands
53.7%
Turkmenistan
53.1%
Country % Correct
St. Kitts and Nevis
51.6%
Central African Republic
50%
Eritrea
49.4%
Philippines
49.2%
Barbados
49%
Trinidad and Tobago
48%
Tajikistan
47.2%
South Sudan
47%
St. Vincent and the Grenadines
45.1%
Costa Rica
44.5%
Seychelles
44.3%
Myanmar
41.8%
Solomon Islands
40%
Papua New Guinea
39%
Equatorial Guinea
38.9%
Georgia
36.4%
Mozambique
32.8%
Timor-Leste
24.4%

You're not logged in!

Compare scores with friends on all Sporcle quizzes.
Sign Up with Email
OR
Log In

You Might Also Like...

Show Comments

Extras

Top Quizzes Today


Score Distribution

Your Account Isn't Verified!

In order to create a playlist on Sporcle, you need to verify the email address you used during registration. Go to your Sporcle Settings to finish the process.